| 000 | 00340nam a2200133Ia 4500 | ||
|---|---|---|---|
| 005 | 20260328104319.0 | ||
| 008 | 260328s9999||||xx |||||||||||||| ||und|| | ||
| 100 | _aMyerson, Jeremy | ||
| 245 | 0 |
_aIdeo : _bMasters of Innovation / _cJeremy Myerson |
|
| 260 | _bLaurence King | ||
| 300 | _a160 p. | ||
| 650 | _aDISEÑO INDUSTRIAL | ||
| 942 | _cBK | ||
| 999 |
_c11269 _d11269 |
||